| 000 | 00654cam a2200181 a 4500 | ||
|---|---|---|---|
| 020 | _a9698133216 | ||
| 082 |
_a025.04095491 _bMAH _cD |
||
| 100 | 1 |
_aMahmood, Khalid, _936952 |
|
| 245 | 1 | 0 |
_aInformation technology in libraries : _ba Pakistani perspective / _cKhalid Mahmood ; introduction by Anis Khurshid. |
| 260 |
_aLahore : _bPak Book Corporation, _c1998. |
||
| 300 |
_aiv, 256 p. ; _c24 cm. |
||
| 520 | _aResearch articles published during 1993-97. | ||
| 526 |
_a0 _b0 _c0 _d025_040954910000000_MAH |
||
| 650 | 0 |
_aInformation technology _zPakistan. _936953 |
|
| 650 | 0 |
_aLibraries _zPakistan _xAutomation. _936954 |
|
| 650 | 0 |
_aMCE _9379 |
|
| 942 |
_2ddc _cBK |
||
| 999 |
_c541880 _d541880 |
||